01891nam a22003857a 4500003000400000005001700004008004100021040002200062082001500084130002900099245006800128260002600196300001800222490001400240505009300254505003500347505008000382505005500462505013700517505011300654505011200767505003900879505005500918505009000973505001301063505002001076650004701096650005101143650004901194650004401243651005001287942002601337999001501363952012701378OSt20230817132324.0221006b |||||||| |||| 00| 0 eng d cBiblioteca Lado V a305bM953m 9949aMujer/Fempresslspa aMujer/Fempress/bRed de comunicación alternativa de la mujer/ bFEMPRESSc1998aChile c22x31cma29p. v1998a199 aCasi casi la hora de las mujeres Mayor participación en poderes públicos tCOLOMBIA aLeyes y PrejuiciostCOSTA RICA aMujeres en radio y televisión. Una estrategia para el Cono SurtURUGUAY aBox, otra arena de lucha por la igualdad tMEXICO aHillary Clinton. Siglo XXI Desafíos y Esperanzas Cumbre de los pueblos de las Américas Alianza Social Continental tCHILE aEvita como modelo de subversión Cuidar el cuerpo es tarea feminista Irrumpen las talladorastPUERTO RICO aDos candidatas a la presidencia Campaña de la ONU Una vida sin violencia es un derecho nuestrotECUADOR aEl Patrimonio de SusanatARGENTINA aBella Abzug Una gringa excepcionaltINTERNACIONAL aEstado Venezolano demandado ante la OEA Víctima de violencia y homicidatVENEZUELA aRECORTES aCOMUNICANDONOS  2Tesauro de Arte & ArquitecturaaMUJER9703 2Tesauro de Arte & ArquitecturaaCOMUNICACIÓN 2Tesauro de Arte & ArquitecturaaRED FEMENINA 2Tesauro de Arte & ArquitecturaaCULTURA 2Tesauro de Arte & ArquitecturaaINTERNACIONAL 2ddcc1h305iM953mn0 c4164d4164 00102ddc3199840708RevistasaLVbLVd2023-08-17h199i003080l0o305 M953mp003080r2023-08-17 00:00:00w2023-08-17y1